000 00382nam a2200121Ia 4500
008 220620s9999||||xx |||||||||||||| ||und||
100 _aJeffrey Atkinson (Ed.)
245 0 _aCompetences for Pharmacy Education and Practice in Europe
546 _aEnglish[eng]
650 _acompetence||education||pharmacy
856 _uhttps://www.mdpi.com/books/pdfview/selection/716
942 _cEB
999 _c29393
_d29393